Hiến Pháp Nước Cộng hòa xã hội chủ nghĩa Việt Nam năm 1992
Enregistré dans:
| Collectivité auteur: | |
|---|---|
| Format: | Livre |
| Langue: | Vietnamese |
| Publié: |
H.
Chính trị Quốc gia
1996
|
| Sujets: | |
| Tags: |
Ajouter un tag
Pas de tags, Soyez le premier à ajouter un tag!
|
| Thư viện lưu trữ: | Mạng thư viện Đại học Đà Nẵng |
|---|
| LEADER | 01055nam a2200325 4500 | ||
|---|---|---|---|
| 001 | 000015064 | ||
| 003 | 11435 | ||
| 005 | 20120522080532.0 | ||
| 008 | 120522s1996 viesd | ||
| 020 | |c 4000Đ | ||
| 041 | 0 | |a vie | |
| 082 | |a 346.597 |b Hiê | ||
| 110 | |a Việt Nam (CHXHCN) | ||
| 245 | 0 | |a Hiến Pháp Nước Cộng hòa xã hội chủ nghĩa Việt Nam năm 1992 | |
| 260 | |a H. |b Chính trị Quốc gia |c 1996 | ||
| 300 | |a 70 Tr. |c 19 cm | ||
| 653 | |a Hiến pháp | ||
| 653 | |a Việt Nam (CHXHCN) | ||
| 653 | |a Năm 1992 | ||
| 910 | |a Nguyễn Thị Kim Oanh |d 28/09/2011 | ||
| OWN | |a LSP | ||
| AVA | |a UDN50 |b LSP |d 346.597 Hiê |e available |t Error 5001 Not defined in file expand_doc_bib_avail. |f 1 |g 0 |h N |i 0 |k 1 | ||
| 999 | |a From the UDN01 | ||
| AVA | |a UDN50 |b LSP |d 346.597 Hiê |e available |t Error 5001 Not defined in file expand_doc_bib_avail. |f 1 |g 0 |h N |i 0 |k 1 | ||
| TYP | |a Monograph | ||
| TYP | |a Printed language | ||
| 980 | |a Mạng thư viện Đại học Đà Nẵng | ||